000 00311 a2200109 4500
001 ART_30894
005 20260410162004.0
008 260409a
245 1 0 _aValores y prosperidad económica
100 1 _aSen, Amartya
773 0 _tInstituciones y desarrollo
_g- Nº 2 (dic. 1998)
_wREV30868
999 _c31576
_d31576